Fahndungssendungen im Fernsehen: Vortragsveranstaltung vom 2. und 3. Juni 1978
| Corporate Author: | |
|---|---|
| Contributors: | |
| Format: | Print Book |
| Language: | German |
| Published: |
München
Beck
1979
|
| In: |
Schriftenreihe des Instituts für Rundfunkrecht an der Universität zu Köln (Bd. 25)
Year: 1979 |
| Availability in Tübingen: | Present in Tübingen. IFK: B XI 73 |
| Check availability: | HBZ Gateway |
| Subito Delivery Service: | Order now. |
| Keywords: |
MARC
| LEADER | 00000cam a2200000 c 4500 | ||
|---|---|---|---|
| 001 | 039616118 | ||
| 003 | DE-627 | ||
| 005 | 20260207194826.0 | ||
| 007 | tu | ||
| 008 | 950802s1979 gw ||||| 00| ||ger c | ||
| 010 | |a 81470952 | ||
| 015 | |a 79,A31,0081 |2 dnb | ||
| 016 | 7 | |a 790298821 |2 DE-101 | |
| 020 | |a 3406040454 |q kart. | ||
| 035 | |a (DE-627)039616118 | ||
| 035 | |a (DE-603)04913857X | ||
| 035 | |a (DE-576)007040911 | ||
| 035 | |a (DE-599)GBV039616118 | ||
| 035 | |a (OCoLC)164254040 | ||
| 035 | |a (OCoLC)08284541 | ||
| 035 | |a (OCoLC)263611186 | ||
| 035 | |a (DE-101)790298821 | ||
| 040 | |a DE-627 |b ger |c DE-627 |e rakwb | ||
| 041 | |a ger | ||
| 044 | |c XA-DE-BY | ||
| 050 | 0 | |a KK6997.F34 | |
| 082 | 0 | |a 343.43/0994 | |
| 082 | 0 | |a 344.30552 | |
| 082 | 0 | |a 344.303994 s | |
| 082 | 0 | |a 345.43/052 | |
| 082 | 0 | |a 343.43/0994 s | |
| 082 | 0 | |a s | |
| 082 | 0 | |a 344.303994 | |
| 082 | 0 | |a 343.430994 |a 345.43052 |a 344.303994 |a 344.30552 |2 DDC19oclc | |
| 084 | |a 04a |a 13a |a 340 |a 350 |2 sdnb | ||
| 084 | |a 04a |a 13a |2 sdnb | ||
| 084 | |a 2 |2 ssgn | ||
| 084 | |a PN 855 |2 rvk |0 (DE-625)rvk/137781: | ||
| 084 | |a AP 38780 |2 rvk |0 (DE-625)rvk/7445: | ||
| 084 | |a PN 853 |2 rvk |0 (DE-625)rvk/137780: | ||
| 084 | |a PN 850 |2 rvk |0 (DE-625)rvk/137777: | ||
| 084 | |a 86.59 |2 bkl | ||
| 245 | 0 | 0 | |a Fahndungssendungen im Fernsehen |b Vortragsveranstaltung vom 2. und 3. Juni 1978 |c von Burkhard Hirsch ; Gerhard Weis ; Ernst W. Fuhr ; Friedrich Geerds |
| 246 | 3 | 3 | |a Fahndungssendungen |
| 264 | 1 | |a München |b Beck |c 1979 | |
| 300 | |a 77 S. |c 24 cm | ||
| 336 | |a Text |b txt |2 rdacontent | ||
| 337 | |a ohne Hilfsmittel zu benutzen |b n |2 rdamedia | ||
| 338 | |a Band |b nc |2 rdacarrier | ||
| 490 | 1 | |a Schriftenreihe des Instituts für Rundfunkrecht an der Universität zu Köln |v Bd. 25 | |
| 490 | 1 | |a Vortragsveranstaltung / Institut für Rundfunkrecht, Universität zu Köln |v 1978 | |
| 650 | 0 | |a Criminal Investigation |z Germany (West) | |
| 650 | 0 | |a Television in police work |z Germany (West) | |
| 650 | 4 | |a Fernsehsendung | |
| 650 | 4 | |a Fahndung | |
| 650 | 4 | |a Rundfunk- und Fernsehrecht | |
| 651 | 4 | |a Österreich | |
| 655 | 7 | |a Konferenzschrift |0 (DE-588)1071861417 |0 (DE-627)826484824 |0 (DE-576)433375485 |2 gnd-content | |
| 689 | 0 | 0 | |d s |0 (DE-588)4016825-6 |0 (DE-627)106331833 |0 (DE-576)208917446 |a Fernsehen |2 gnd |
| 689 | 0 | 1 | |d s |0 (DE-588)4292664-6 |0 (DE-627)104205075 |0 (DE-576)210896817 |a Öffentlichkeitsfahndung |2 gnd |
| 689 | 0 | |5 (DE-627) | |
| 689 | 1 | 0 | |d s |0 (DE-588)4153533-9 |0 (DE-627)105530247 |0 (DE-576)209804130 |a Fahndung |2 gnd |
| 689 | 1 | |5 (DE-627) | |
| 700 | 1 | |a Hirsch, Burkhard |d 1930-2020 |0 (DE-588)132194058 |0 (DE-627)519032918 |0 (DE-576)260912425 |4 oth | |
| 710 | 2 | |a Universität zu Köln |b Institut für Rundfunkrecht |0 (DE-588)2014228-6 |0 (DE-627)101824025 |0 (DE-576)191685097 |4 oth | |
| 810 | 2 | |a Universität zu Köln |b Institut für Rundfunkrecht |t Schriftenreihe des Instituts für Rundfunkrecht an der Universität zu Köln |v Bd. 25 |9 25 |w (DE-627)130221759 |w (DE-576)015767566 |w (DE-600)538348-1 |x 0588-3369 |7 am | |
| 810 | 2 | |a Universität zu Köln |b Institut für Rundfunkrecht |t Vortragsveranstaltung / Institut für Rundfunkrecht, Universität zu Köln |v 1978 |9 1978 |w (DE-627)131137360 |w (DE-576)9131137369 |w (DE-600)1125537-7 |7 am | |
| 889 | |w (DE-627)02361644X | ||
| 889 | |w (DE-627)439579201 | ||
| 935 | |i mdedup | ||
| 935 | |h HEB |i 0501 | ||
| 935 | |h HEB |i 0503 | ||
| 936 | r | v | |a PN 855 |b Fernsehen / Recht |k Rechtswissenschaft |k Verwaltungswissenschaften und Verwaltungsrecht |k Besonderes Verwaltungsrecht |k Medienrecht |k Fernsehen / Recht |0 (DE-627)1270709356 |0 (DE-625)rvk/137781: |0 (DE-576)200709356 |
| 936 | r | v | |a AP 38780 |b Interessenwahrnehmung, Informationsfreiheit |k Allgemeines |k Medien- und Kommunikationswissenschaften, Medienkulturwissenschaft, Kommunikationsdesign |k Rundfunk (Hörfunk und Fernsehen) |k Hörfunk- und Fernsehrecht |k Interessenwahrnehmung, Informationsfreiheit |0 (DE-627)1270688863 |0 (DE-625)rvk/7445: |0 (DE-576)200688863 |
| 936 | r | v | |a PN 853 |b Rundfunkrecht |k Rechtswissenschaft |k Verwaltungswissenschaften und Verwaltungsrecht |k Besonderes Verwaltungsrecht |k Medienrecht |k Rundfunkrecht |0 (DE-627)127127695X |0 (DE-625)rvk/137780: |0 (DE-576)20127695X |
| 936 | r | v | |a PN 850 |b Gesamtdarstellungen, Querschnittsfragen (mehr als ein Medium betreffend), Bildschirmtext-Recht |k Rechtswissenschaft |k Verwaltungswissenschaften und Verwaltungsrecht |k Besonderes Verwaltungsrecht |k Medienrecht |k Gesamtdarstellungen, Querschnittsfragen (mehr als ein Medium betreffend), Bildschirmtext-Recht |0 (DE-627)1271331225 |0 (DE-625)rvk/137777: |0 (DE-576)201331225 |
| 936 | b | k | |a 86.59 |j Medienrecht |0 (DE-627)106422316 |
| 936 | s | n | |a p100 |2 mzub |
| 936 | s | n | |a a300 |2 mzub |
| 951 | |a BO | ||
| ELC | |b 1 | ||
| LOK | |0 000 xxxxxcx a22 zn 4500 | ||
| LOK | |0 001 3139144806 | ||
| LOK | |0 003 DE-627 | ||
| LOK | |0 004 039616118 | ||
| LOK | |0 005 20131113154433 | ||
| LOK | |0 008 930329||||||||||||||||ger||||||| | ||
| LOK | |0 040 |a DE-21-110 |c DE-627 |d DE-21-110 | ||
| LOK | |0 689 |a s |a Medien | ||
| LOK | |0 852 |a DE-21-110 | ||
| LOK | |0 852 1 |c B XI 73 |m p |9 00 | ||
| LOK | |0 935 |a k110 | ||
| LOK | |0 936ln |a 7.3.3.5 | ||
| LOK | |0 938 |k p | ||
| LOK | |0 939 |a 29-03-93 |b l01 | ||
| ORI | |a WA-MARC-krimdoka001.raw | ||
| SIG | |a IFK: B XI 73 | ||
